书目信息 |
| 题名: |
列宁家书集
|
|
| 作者: | 列宁 著 | |
| 分册: | ||
| 出版信息: | 北京 人民出版社 1960.01 |
|
| 页数: | 726页 | |
| 开本: | 20cm | |
| 丛书名: | ||
| 单 册: | ||
| 中图分类: | A22 | |
| 科图分类: | ||
| 主题词: | 列字著作--单行本 | |
| 电子资源: | ||
| ISBN: | 978-7-108-03928-6 | |
| 000 | 00600nam0 2200205 450 | |
| 001 | 0834771752 | |
| 005 | 20080922094218.60 | |
| 010 | @a978-7-108-03928-6@dCNY2.55 | |
| 100 | @a20080922d1960 km y0chiy0120 ea | |
| 101 | 0 | @achi |
| 102 | @aCN@b110000 | |
| 200 | 1 | @a列宁家书集@Alie ning jia shu ji@e1893-1922年@f列宁著@Flie ning zhu |
| 210 | @a北京@c人民出版社@d1960.01 | |
| 215 | @a726页@d20cm | |
| 517 | 1 | @a1893-1922年@A1893-1922 nian |
| 606 | 0 | @a列字著作@x单行本 |
| 690 | @aA22@v4 | |
| 701 | 0 | @a列宁@Alie ning@4著 |
| 801 | 0 | @aCN@b大连网信软件有限公司图书馆·11@c20080922 |
| 905 | @aBZT@dA22@e34 | |
| 列宁家书集:1893-1922年/列宁著.-北京:人民出版社,1960.01 |
| 726页;20cm |
| ISBN 978-7-108-03928-6:CNY2.55 |
| ● |
| 相关链接 |
|
|
|
正题名:列宁家书集
索取号:A22/34
 
预约/预借
| 序号 | 登录号 | 条形码 | 馆藏地/架位号 | 状态 | 备注 |
| 1 | 036647 | 201271587 | 中心书库南/001架A面3层1列/ [索取号:A22/34] | 在馆 |